000 00555nam a2200205 4500
003 OSt
005 20260530115300.0
008 260507b1972 |||||||| |||| 00| 0 spa d
040 _aICI
_bspa
_cICI
050 _aHB501
_bG63
100 1 _aGranou, André
_931063
245 1 0 _aConsumo y producción en el Sistema Capitalista
264 1 _aBarcelona :
_bA. Redondo,
_c1972
300 _a54 páginas
336 _atexto
_2rdacontent
337 _asin medio
_2rdamedia
338 _avolumen
_2rdacarrier
650 _aCapitalismo
_917224
942 _2lcc
_cBK
_n1
999 _c12789
_d12789